|
|
|
|
| LEADER |
00892nam a2200229 a 4500 |
| 001 |
GR-MES5883 |
| 008 |
991209s gr 000 0 gre d |
| 020 |
|
|
|a 960351019X
|
| 040 |
|
|
|a GrPaTEI
|b gre
|c GR-PaULI
|
| 040 |
|
|
|a GrPaTEI
|b gre
|c GR-PaULI
|
| 245 |
0 |
0 |
|a Μηχανική των ρευστών.
|
| 260 |
|
|
|a Αθήνα :
|b Σταμούλης,
|c 1994
|
| 300 |
|
|
|a ιιι,50σελ.-σχημ.
|
| 500 |
|
|
|a Βιβλιογραία (σελ.ιιι )
|
| 500 |
|
|
|a Ευρετήριο (σελ. 49- 50 )
|
| 650 |
|
4 |
|a Μηχανική
|
| 650 |
|
4 |
|a ΜΗΧΑΝΙΚΗ ΡΕΥΣΤΩΝ
|
| 700 |
1 |
|
|a Μεντζαφός, Δ.
|
| 942 |
|
|
|2 ddc
|
| 952 |
|
|
|0 0
|1 0
|2 ddc
|4 0
|6 532_000000000000000_ΜΕΝ
|7 0
|9 276271
|a MSLG
|b MSLG
|c BSC
|d 2021-01-17
|e 24
|f 0
|g 0.00
|l 0
|o 532 ΜΕΝ
|p 2420000005760
|r 2021-01-17 00:00:00
|t 1
|w 2021-01-17
|y 7
|x 19991209 0 1
|x GrPaTEI
|
| 971 |
|
|
|a .b25843515
|b 16-04-20
|c 14-09-16
|
| 999 |
|
|
|c 160223
|d 160223
|